00686cam a2200157 a 4500008004100000020001500041035001200056050002500068100003400093245016300127260006500290300002800355440001900383651006100402651006500463040330s2001 cr a 000 0 spa u a9977676488 aa43629200aHN140 .S3 bQ47 20011 aQuesada Avendaño, Florencia10aEn el barrio Amón :barquitectura, familia y sociabilidad del primer residencial de la elite urbana de San José 1900-1935 /cFlorencia Quesada Avendaño. aSan José, Costa Rica :bUniversidad de Costa Rica, c2001. a294 p. :bil. ;c21 cm. 0aNueva historia 0aSan José, Costa Rica xCondiciones sociales ySiglo XX 0aSan José, Costa Rica xVida social y costumbres ySiglo XX